Mechanisms of learning and motivation : (Record no. 193770)
[ view plain ]
| 000 -LEADER | |
|---|---|
| fixed length control field | 01541 a2200253 4500 |
| 003 - CONTROL NUMBER IDENTIFIER | |
| control field | NUST |
| 005 - DATE AND TIME OF LATEST TRANSACTION | |
| control field | 20221206134442.0 |
| 010 ## - LIBRARY OF CONGRESS CONTROL NUMBER | |
| LC control number | 78011370 |
| 020 ## - INTERNATIONAL STANDARD BOOK NUMBER | |
| International Standard Book Number | 0470265671 |
| 040 ## - CATALOGING SOURCE | |
| Transcribing agency | Nust |
| 082 00 - DEWEY DECIMAL CLASSIFICATION NUMBER | |
| Classification number | 156.315,MEC |
| 245 00 - TITLE STATEMENT | |
| Title | Mechanisms of learning and motivation : |
| Remainder of title | a memorial volume to Jerzy Konorski / |
| Statement of responsibility, etc. | edited by Anthony Dickinson, Robert A. Boakes. |
| 260 ## - PUBLICATION, DISTRIBUTION, ETC. | |
| Place of publication, distribution, etc. | Hillsdale, N.J. : |
| Name of publisher, distributor, etc. | L. Erlbaum Associates ; |
| Place of publication, distribution, etc. | New York : |
| Name of publisher, distributor, etc. | distributed by Halsted Press Division of Wiley, |
| Date of publication, distribution, etc. | 1979. |
| 300 ## - PHYSICAL DESCRIPTION | |
| Extent | xiii, 468 p. : |
| Other physical details | ill. ; |
| Dimensions | 24 cm. |
| 505 ## - FORMATTED CONTENTS NOTE | |
| Formatted contents note | Jerzy Konorski and Western Psychology (Page-1), Classical Conditioning as the Formation Interstimulus Association Stimulus Substitution Parasitic Reinforcement and Auto shaping (Page-19), Habituations and Memory (Page-53), Condition Inhibition and Fxtinction (Page-83), Brain Processes and Conditioning Motivational Processes (Page-171), Appetitive Aversive nitration and Inhibitory Processes (Page-203), Interactions Between type I and Type II Processes Involving Positive Reinforcements (Page-233), Selective Associations (Page-367), Constraints of Conditioning in the Writings of Konorski (Page-399), Cognitive Processes in Conditioning (Page-417). |
| 600 10 - SUBJECT ADDED ENTRY--PERSONAL NAME | |
| Personal name | Konorski, Jerzy. |
| 9 (RLIN) | 104268 |
| 650 #0 - SUBJECT ADDED ENTRY--TOPICAL TERM | |
| Topical term or geographic name entry element | Learning in animals. |
| 9 (RLIN) | 104269 |
| 650 #0 - SUBJECT ADDED ENTRY--TOPICAL TERM | |
| Topical term or geographic name entry element | Learning, Psychology of. |
| 9 (RLIN) | 4128 |
| 650 #0 - SUBJECT ADDED ENTRY--TOPICAL TERM | |
| Topical term or geographic name entry element | Motivation (Psychology) |
| 9 (RLIN) | 95246 |
| 700 1# - ADDED ENTRY--PERSONAL NAME | |
| Personal name | Boakes, Robert A. |
| 9 (RLIN) | 104270 |
| 700 1# - ADDED ENTRY--PERSONAL NAME | |
| Personal name | Dickinson, Anthony. |
| 9 (RLIN) | 104271 |
| 700 1# - ADDED ENTRY--PERSONAL NAME | |
| Personal name | Konorski, Jerzy. |
| 9 (RLIN) | 104268 |
| 942 ## - ADDED ENTRY ELEMENTS (KOHA) | |
| Source of classification or shelving scheme | |
| Koha item type | Book |
| Call number prefix | 156.315,MEC |
| Withdrawn status | Lost status | Source of classification or shelving scheme | Damaged status | Not for loan | Permanent Location | Current Location | Shelving location | Date acquired | Full call number | Barcode | Date last seen | Price effective from | Koha item type | Public note |
|---|---|---|---|---|---|---|---|---|---|---|---|---|---|---|
| Military College of Signals (MCS) | Military College of Signals (MCS) | General Stacks | 12/12/2016 | 156.315,MEC | MCS21860 | 12/08/2016 | 12/12/2016 | Book | Almirah No.46, Shelf No.4 |
